| 000 | 00672cam a22002651 4500 | ||
|---|---|---|---|
| 001 | sa 63000732 | ||
| 003 | DLC | ||
| 005 | 20260227111923.0 | ||
| 008 | 891016s1962 ii 000 0 hino | ||
| 010 | _asa 63000732 | ||
| 035 | _a(OCoLC)20498014 | ||
| 040 |
_aDLC _cWaU _dDLC |
||
| 042 | _apremarc | ||
| 050 | 0 | 0 |
_aPK2095.M3 _bJ32 1962 |
| 100 | 0 |
_aMalik Muhammad Jayasi, _dactive 1540. |
|
| 245 | 0 | 0 | _aJāyasī granthāvalī. |
| 260 | _c[1962] | ||
| 300 |
_a3, 4, 1078 p. _c23 cm. |
||
| 500 | _aIn Hindi. | ||
| 700 | 1 |
_aSharma, Rajnath, _d1922- |
|
| 740 | 0 | _aPadamāvata. | |
| 740 | 0 | _aAkharāvaṭa. | |
| 740 | 0 | _aĀkhirī kalāma. | |
| 740 | 0 | _aCitrarekhā. | |
| 999 |
_c53595 _d53595 |
||